Statistics for Countries with letter R as Second Letter

Click here to take the quiz!

General Stats

  • This quiz has been taken 174 times
    (158 since last reset)
  • The average score is 13 of 15

Answer Stats

Country% Correct
France
94%
Croatia
93%
Argentina
90%
Armenia
89%
Brazil
89%
Greece
88%
Iran
85%
Brunei
84%
Eritrea
83%
Iraq
81%
Grenada
80%
Ireland
80%
Trinidad and Tobago
80%
Uruguay
78%
Sri Lanka
72%

Score Distribution

Percentile by Number Answered

Percent of People with Each Score

Your Score History

You have not taken this quiz since the last reset